| 000 | 00000nam##2200000za#4500 |
| 001 | 9.661890 |
| 003 | CaOODSP |
| 005 | 20200401064123 |
| 007 | co ||||||||||| |
| 008 | 150407|2000||||xxc |q d f### # fre|d |
| 040 | |aCaOODSP|bfre |
| 041 | |aeng |
| 041 | |afre |
| 043 | |an-cn--- |
| 086 | 1 |aR62-323/2000-MRC |
| 110 | 1 |aCanada.|bPatrimoine canadien. |bParcs Canada. |
| 245 | 10|aIntacts pour les générations futures? : |h[ressource électronique]|bProtection de l'intégrité écologique par les parcs nationaux du Canada. Volume I et II / |cPublié par la Commission sur l'intégrité écologique des parcs nationaux du Canada. |
| 260 | |aOttawa - Ontario : |bPatrimoine canadien. |c2000. |
| 300 | |a1 disque. |
| 538 | |a486 ou meilleur; Windows 95 ou meilleur; Acrobat Reader 4.0 |
| 546 | |aBilingue |
| 590 | |a00-20|b2000-05-19 |
| 691 | 07|aÉcologie|2gcpds |
| 691 | 07|aPolitique environnementale|2gcpds |
| 691 | 07|aParc national|2gcpds |
| 776 | 0#|tUnimpaired for future generations? : |w(CaOODSP)9.647630 |
| 776 | 0#|tUnimpaired for future generations? : |w(CaOODSP)9.661581 |
| 791 | |tUnimpaired for future generations? : |eeng|w(CaOODSP)9.661889 |